000 00556nam a2200205Ia 4500
003 OSt
005 20230509151339.0
008 210423s2001 xx 000 0 und d
040 _cAL
041 _aeng
082 _a361.3
_223
_bDEVS
100 _aDEVI (RAMESHWARI);PRAKASH (Ravi)
_9101388
245 _aSocial work practice
260 _aNew Delhi
_bMangal Deep Publications
_c2001
365 _b595
_cINR
650 _aSocial Problems & Services
_9101389
650 _aSocial Work
_9101390
906 _apractice ; Social ; work
942 _2ddc
_cBK
999 _c171675
_d171675